Tafheem ul Quran Surah Luqman to Surah Alahqaf Vol-4 (Record no. 592042)
[ view plain ]
| 000 -LEADER | |
|---|---|
| fixed length control field | 00346nam a22001217a 4500 |
| 082 ## - DEWEY DECIMAL CLASSIFICATION NUMBER | |
| Classification number | 297.122521 |
| Author Mark | MOD |
| 100 ## - MAIN ENTRY--PERSONAL NAME | |
| Personal name | Syed Abu Al Aala Modoudi |
| 245 ## - TITLE STATEMENT | |
| Title | Tafheem ul Quran Surah Luqman to Surah Alahqaf Vol-4 |
| Statement of responsibility, etc. | Syed Abu Al Aala Modoudi |
| 260 ## - PUBLICATION, DISTRIBUTION, ETC. | |
| Place of publication, distribution, etc. | Lahore |
| Name of publisher, distributor, etc. | Services Book Club |
| Date of publication, distribution, etc. | 1988 |
| 300 ## - PHYSICAL DESCRIPTION | |
| Extent | 708p |
| 563 ## - BINDING INFORMATION | |
| Binding note | HB |
| 942 ## - ADDED ENTRY ELEMENTS (KOHA) | |
| Source of classification or shelving scheme | |
| Koha item type | Book |
| Withdrawn status | Lost status | Source of classification or shelving scheme | Materials specified (bound volume or other part) | Damaged status | Not for loan | Permanent Location | Current Location | Shelving location | Date acquired | Total Renewals | Full call number | Barcode | Date last seen | Price effective from | Koha item type |
|---|---|---|---|---|---|---|---|---|---|---|---|---|---|---|---|
| Donated by Major Zahid DCE, SEECS-NUST | NUST Law School (NLS) | NUST Law School (NLS) | Reference | 10/26/2022 | 3 | 297.122521 MOD | CL-D-2117 | 06/05/2024 | 10/26/2022 | Book |
